All Countries by Abbreviations - Statistics

General Stats
  • This quiz has been taken 87 times
  • The average score is 136 of 196
Answer Stats
Abbreviation Country % Correct
ad Andorra
94%
ua Ukraine
92%
af Afghanistan
90%
ag Antigua and Barbuda
90%
al Albania
90%
am Armenia
90%
ar Argentina
90%
au Australia
90%
az Azerbaijan
90%
bd Bangladesh
90%
be Belgium
90%
at Austria
88%
ba Bosnia and Herzegovina
88%
bg Bulgaria
88%
bn Brunei
88%
br Brazil
88%
bh Bahrain
86%
bi Burundi
86%
bs Bahamas
86%
bb Barbados
84%
bf Burkina Faso
84%
ca Canada
84%
de Germany
84%
ge Georgia
84%
ae United Arab Emirates
82%
ao Angola
82%
bt Bhutan
82%
bw Botswana
82%
bz Belize
82%
cr Costa Rica
82%
dm Dominica
82%
ga Gabon
82%
gr Greece
82%
gy Guyana
82%
il Israel
82%
cm Cameroon
80%
co Colombia
80%
cv Cape Verde
80%
do Dominican Republic
80%
eg Egypt
80%
es Spain
80%
ir Iran
80%
ni Nicaragua
80%
bo Bolivia
78%
ch Switzerland
78%
ci Ivory Coast
78%
cl Chile
78%
cu Cuba
78%
cy Cyprus
78%
cz Czech Republic
78%
dj Djibouti
78%
ec Ecuador
78%
er Eritrea
78%
et Ethiopia
78%
fr France
78%
gb United Kingdom
78%
gm Gambia
78%
gn Guinea
78%
gt Guatemala
78%
hu Hungary
78%
id Indonesia
78%
ie Ireland
78%
in India
78%
iq Iraq
78%
it Italy
78%
na Namibia
78%
sa Saudi Arabia
78%
dk Denmark
76%
fj Fiji
76%
ht Haiti
76%
ki Kiribati
76%
la Laos
76%
ml Mali
76%
cd Democratic Republic of the Congo
74%
cn China
74%
fi Finland
74%
fm Federated States of Micronesia
74%
gd Grenada
74%
gh Ghana
74%
jm Jamaica
74%
jo Jordan
74%
jp Japan
74%
ke Kenya
74%
ma Morocco
74%
mn Mongolia
74%
no Norway
74%
ro Romania
74%
hn Honduras
72%
is Iceland
72%
kr South Korea
72%
kz Kazakhstan
72%
me Montenegro
72%
mr Mauritania
72%
my Malaysia
72%
ne Niger
72%
ng Nigeria
72%
si Slovenia
72%
sl Sierra Leone
72%
kg Kyrgyzstan
70%
lb Lebanon
70%
li Liechtenstein
70%
lu Luxembourg
70%
md Moldova
70%
mg Madagascar
70%
mt Malta
70%
mx Mexico
70%
pa Panama
70%
sd Sudan
70%
sk Slovakia
70%
so Somalia
70%
kn Saint Kitts and Nevis
68%
kw Kuwait
68%
lv Latvia
68%
mc Monaco
68%
mm Myanmar
68%
mw Malawi
68%
mz Mozambique
68%
nl Netherlands
68%
om Oman
68%
ph Philippines
68%
pk Pakistan
68%
pl Poland
68%
pt Portugal
68%
sc Seychelles
68%
se Sweden
68%
sg Singapore
68%
sr Suriname
68%
lr Liberia
66%
lt Lithuania
66%
ly Libya
66%
mu Mauritius
66%
np Nepal
66%
nz New Zealand
66%
pe Peru
66%
qa Qatar
66%
ru Russia
66%
sm San Marino
66%
ss South Sudan
66%
st São Tomé and Príncipe
66%
sy Syria
66%
ee Estonia
64%
ls Lesotho
64%
mh Marshall Islands
64%
mk North Macedonia
64%
mv Maldives
64%
nr Nauru
64%
pg Papua New Guinea
64%
sb Solomon Islands
64%
sn Senegal
64%
sv El Salvador
64%
lc Saint Lucia
62%
py Paraguay
62%
rw Rwanda
62%
us United States
62%
by Belarus
60%
lk Sri Lanka
60%
bj Benin
58%
cg Republic of the Congo
58%
hr Croatia
58%
cf Central African Republic
56%
rs Serbia
56%
sz Eswatini
56%
tj Tajikistan
56%
to Tonga
56%
tr Turkey
56%
th Thailand
54%
tm Turkmenistan
54%
tw Taiwan
54%
tz Tanzania
54%
dz Algeria
52%
gq Equatorial Guinea
52%
kh Cambodia
52%
km Comoros
52%
tg Togo
52%
tn Tunisia
52%
tt Trinidad and Tobago
52%
tv Tuvalu
52%
gw Guinea-Bissau
50%
kp North Korea
50%
uz Uzbekistan
50%
ug Uganda
48%
uy Uruguay
48%
va Vatican City
48%
ve Venezuela
48%
za South Africa
48%
zm Zambia
48%
pw Palau
44%
tl East Timor
44%
vc Saint Vincent and the Grenadines
44%
vn Vietnam
44%
vu Vanuatu
44%
zw Zimbabwe
42%
ye Yemen
40%
td Chad
32%
ws Samoa
22%
xk Kosovo
14%
No matching quizzes found
Score Distribution
Percent of People with Each Score
Percentile by Number Answered
Your Score History
You have not taken this quiz